OECD Reviews of Innovation Policy: Kazakhstan 2017

Saved in:
Bibliographic Details
Format: Book
Language:English
Published: Paris OECD 2017
Series:OECD Reviews of Innovation Policy
Subjects:
Tags: Add Tag
No Tags, Be the first to tag this record!

MARC

LEADER 00000nam a2200000 4500
001 0241105
005 20240314123333.4
020 |a 978-92-64-26933-0 
041 0 |a eng 
044 |a FR 
245 1 0 |a OECD Reviews of Innovation Policy: Kazakhstan 2017 
264 1 |a Paris  |b OECD  |c 2017 
300 |a 212 s. 
490 1 |a OECD Reviews of Innovation Policy 
830 0 |a OECD Reviews of Innovation Policy 
610 2 0 |a inovácia 
610 2 0 |a výskum 
610 2 0 |a rozvoj sociálno-ekonomický 
610 2 0 |a výkonnosť ekonomiky 
610 2 0 |a makroekonomika 
610 2 0 |a rast produktivity práce 
610 2 0 |a vstupy 
610 2 0 |a výstupy 
610 2 0 |a podnikanie 
610 2 0 |a investície súkromné 
610 2 0 |a investície verejné 
610 2 0 |a rozvoj hospodársky 
610 2 0 |a dynamika ekonomiky 
610 2 0 |a vedomosti 
610 2 0 |a spolupráca medzinárodná 
610 2 0 |a údaje štatistické 
610 2 0 |a porovnanie medzinárodné 
610 2 0 |a Kazachstan